000 01315cad a22002415a 4500
001 E148699
008 091020s2009 xxk f 000 0 eng d
035 _a(Sirsi) u148699
041 0 _aeng
050 0 4 _a346.4104346 $2 18
100 1 _aBurgess, Gemma
245 0 0 _aLeasehold reform
_bgraphs of relativity
_h[electronic resource]
260 _aLondon
_bRICS
_c2009
490 0 _aRICS Research
505 2 _aIntroduction -- What is relativity? -- Use of open market sales -- Use of graphs of relativity -- Relativity graphs: prime Central London; Greater London and England; published research
520 _aIn the context of statutory valuations under leasehold reform legislation, "leasehold relativity" is the value of a dwelling held on an existing lease at any given unexpired term divided by the value of the same dwelling in possession to the freeholder, expressed as a percentage. This report draws together the various graphs of relativity that are in existence together with details of the data that lies behind each.
521 _aAdvanced
590 _aKA NTK
651 4 _aEngland and Wales
_y1543-
690 _aPROPERTY-LEASEHOLD PROPERTY
856 4 0 _uhttps://www.rics.org/Global/leasehold-reform-graphs-of-relativity.pdf
_zView the research free of charge at www.rics.org
942 _n0
999 _c110168
_d110168